How industries evolve : principles for achieving and sustaining superior performance

Bibliographic Details
Main Author: McGahan, Anita M
Format: Book
Published: Boston : Harvard Business School Press , 2004
Subjects:

MARC

LEADER 00000cam a2200000 7i4500
001 0000027755
005 20091020.0
008 091020
020 |a 1578518407 
090 0 0 |a 658.4012   |b MCG 
100 1 |a McGahan, Anita M 
245 1 0 |a How industries evolve :   |b principles for achieving and sustaining superior performance   |c Anita M. McGahan 
260 |a Boston :   |b Harvard Business School Press ,   |c 2004 
650 0 |a Industrial organization 
650 0 |a Industries   |x Technological innovation   |x Economic aspects 
650 0 |a Organizational change 
650 0 |a Organizational effectiveness 
999 |a 0001062017   |b Book   |c REFERENCE   |e Perbadanan Perpustakaan Awam Johor